| 000 | 00670nam a22002177a 4500 | ||
|---|---|---|---|
| 999 |
_c773 _d773 |
||
| 001 | 8909 | ||
| 003 | BD-DhUAP | ||
| 005 | 20200127161613.0 | ||
| 008 | 200127s1998 bg ||||| |||| 001 0 eng d | ||
| 020 | _a9845740030 | ||
| 040 |
_aBD-DhUAP _bEng _cBD-DhUAP _dBD-DhUAP |
||
| 082 |
_223 _a341.48 MAL |
||
| 100 | _aMalik, Tuhin. | ||
| 245 |
_aHuman rights law : _ba manual on human rights training programme for lawyers / _cTuhin Malik. |
||
| 260 |
_aDhaka : _bLegal Education & Training Institute Bangladesh Bar Council, _cc1998. |
||
| 300 |
_axx, 666 pages ; _c24 cm. |
||
| 500 | _aIncludes index. | ||
| 650 | _aHuman rights. | ||
| 650 | _aRight to life. | ||
| 942 |
_2ddc _cBK |
||